|
|
|
|
| LEADER |
01070nam a22002777a 4500 |
| 001 |
31545 |
| 003 |
BD-DhAAL |
| 005 |
20170122130916.0 |
| 008 |
170122s2016 bg ||||| |||| 00| 0 eng d |
| 020 |
|
|
|a 9789211207156
|
| 020 |
|
|
|a 9789210579230
|
| 040 |
|
|
|a BD-DhAAL
|c BD-DhAAL
|
| 082 |
|
|
|2 23
|a 337.15
|
| 245 |
|
|
|a Economic and social survey of Asia and the pacific 2016:
|b nurturing productivity for inclusive growth and sustainable development
|
| 260 |
|
|
|a New York :
|b United Nations ESCAP,
|c 2016
|
| 300 |
|
|
|a xxiii, 142 pages :
|b illustrations;
|c 27 cm.
|
| 490 |
|
|
|a Economic and social survey of Asia and the Pacific, 2016
|
| 526 |
|
|
|a AAL
|
| 541 |
|
|
|e 31545
|
| 650 |
|
|
|a Pacific Area
|x Economic conditions
|9 20924
|
| 651 |
|
|
|a Asia
|x Economic conditions
|y 1945
|9 20925
|
| 710 |
|
|
|a United Nations
|9 20926
|
| 852 |
|
|
|a Ayesha Abed Library
|c General Stacks
|
| 942 |
|
|
|2 ddc
|c BK
|
| 999 |
|
|
|c 37934
|d 37934
|
| 952 |
|
|
|0 0
|1 0
|2 ddc
|4 0
|6 337_150000000000000_ECO
|7 0
|9 59948
|a BRACUL
|b BRACUL
|c GEN
|d 2017-01-22
|e Complimentary
|l 0
|o 337.15 ECO
|p 3010031545
|r 2017-01-22
|t 1
|w 2017-01-22
|y BK
|